| 000 | 00662nam a22001337a 4500 | ||
|---|---|---|---|
| 005 | 20250815164705.0 | ||
| 008 | 250815b |||||||| |||| 00| 0 eng d | ||
| 082 | _aAV-DVD 362.12 M45 2018 | ||
| 245 |
_aThe Mayo Clinic : _bfaith, hope, science/ _cproduced by Julie Coffman ; directed by Ken Burns, Erik Ewers and Christopher Loren Ewers. |
||
| 300 |
_a1 videodisc, 115 minutes: _bsound, color; _c4 3/4 in. _evideodisc |
||
| 520 | _aDiscover the story of the renowned institution that has been called a 'Medical Mecca', the 'Supreme Court of Medicine', and the 'place for hope when there is no hope. | ||
| 700 |
_a Burns, Ken _edirector. _966910 |
||
| 942 |
_2ddc _cAV-DVD |
||
| 999 |
_c23643 _d23643 |
||